Juventus 1 - 3 FC Barcelona (UCL 2015) - Statistiques

Statistiques générales
  • Ce quiz a été pris 176 fois
    63 depuis la dernière actualisation
  • Le résultat moyen est 23 sur 30
Statistiques - réponses
Poste Pays Réponse % Correct
Gardien de but Marc-André Ter Stegen
96%
Gardien de but Gianluigi Buffon
94%
Défenseur central Leonardo Bonucci
94%
Ailier droit Lionel Messi
94%
Avant-centre (90+6') Luis Suárez
94%
Ailier gauche Neymar
94%
Milieu gauche (78') Andrés Iniesta
92%
Latéral droit Dani Alves
92%
Milieu défensif Sergio Busquets
92%
Défenseur central Gerard Piqué
90%
Milieu droit (90+1') Ivan Rakitić
88%
Défenseur central Javier Mascherano
88%
Latéral gauche Jordi Alba
88%
Milieu offensif (79') Arturo Vidal
86%
Milieu gauche Paul Pogba
86%
Avant-centre (85') Álvaro Morata
80%
Coach Luis Enrique
80%
Latéral gauche (89') Patrice Evra
78%
Milieu central remplaçant (78') Xavi
74%
Milieu défensif Andrea Pirlo
70%
Coach Massimiliano Allegri
70%
Ailier droit remplaçant (90+6') Pedro
68%
Ailier gauche remplaçant (89') Kingsley Coman
66%
Défenseur central Andrea Barzagli
64%
Avant-centre Carlos Tévez
64%
Milieu droit Claudio Marchisio
60%
Latéral gauche remplaçant (90+1') Jérémy Mathieu
54%
Latéral droit Stefan Lichtsteiner
52%
Avant-centre remplaçant (85') Fernando Llorente
32%
Milieu central remplaçant (79') Roberto Pereyra
18%
Aucun quiz correspondant
Distribution des résultats
% des personnes avec chaque résultat
Percentile par nombre de réponses
Votre historique - résultats
Vous n’avez pas pris ce quiz depuis la dernière actualisation